LIBRARY & INFORMATION CENTRE, KCAET, TAVANUR

ONLINE PUBLIC ACCESS CATALOGUE (OPAC)

Emission of greenhouse gases (GHG) from agriculture sector and measures for their mitigation / (Record no. 13534)

MARC details
000 -LEADER
fixed length control field 00450cam a2200145ua 4500
041 ## - LANGUAGE CODE
Language code of text/sound track or separate title eng
082 ## - DEWEY DECIMAL CLASSIFICATION NUMBER
Classification number 631.583
Item number BHA/EM
100 ## - MAIN ENTRY--AUTHOR NAME
Personal name Bhardwaj, Venkatesh .
245 ## - TITLE STATEMENT
Title Emission of greenhouse gases (GHG) from agriculture sector and measures for their mitigation /
260 ## - PUBLICATION, DISTRIBUTION, ETC. (IMPRINT)
Place of publication Udaypur :
Name of publisher Agro-tech publishing academy ,
Year of publication 2009.
300 ## - PHYSICAL DESCRIPTION
Number of Pages ; .
942 ## - ADDED ENTRY ELEMENTS (KOHA)
Koha item type Books
Holdings
Withdrawn status Lost status Damaged status Home library Current library Date acquired Full call number Accession Number Koha item type
      KAUAET KAUAET 07/04/2012 631.583 22118 Books
free website counter